It looks like you're offline.
Open Library logo
additional options menu

MARC record from Internet Archive

LEADER: 01320cam 2200361Mi 4500
001 ocn150409005
003 OCoLC
005 20210910230344.0
008 060907s2006 ne 000 0 dut d
040 $aNLGGC$bdut$efobidrtb$cNLGGC
015 $aB0610826$2bccb
020 $a9041410449$q(Anthos)
020 $a9789041410443$q(Anthos)
020 $a9022319970$q(Manteau)
020 $a9789022319970$q(Manteau)
035 $a(OCoLC)150409005
041 1 $adut$heng
100 1 $aDeLillo, Don,$d1936-$0(NL-LeOCL)070739625
245 13 $aDe namen /$cDon DeLillo ; vert. [uit het Engels] door Harry Pallemans.
260 $aAmsterdam :$bAnthos ;$a[Antwerpen] :$bManteau,$ccop. 2006.
300 $a358 p. ;$c22 cm.
336 $atekst$btxt$2rdacontent/dut
337 $azonder medium$bn$2rdamedia/dut
338 $aband$bnc$2rdacarrier/dut
520 2 $aEen Amerikaan in Griekenland raakt geïnteresseerd in een geheimzinnige sekte die rituele moorden pleegt.$cNL-ZmNBD.
700 1 $aPallemans, Harry,$d1955-$0(NL-LeOCL)073486566
765 0 $tThe names.$dNew York : Knopf, 1982
776 0 $tDe namen$w(NL-LeOCL)394631579
776 0 $tDe namen$w(NL-LeOCL)342521500
776 0 $tDe namen$w(NL-LeOCL)342521519
029 0 $aNLGGC$b297077503
994 $aZ0$bP4A
948 $hNO HOLDINGS IN P4A - 10 OTHER HOLDINGS